International Business: (Record no. 14649)

000 -LEADER
fixed length control field 00796nam a22002297a 4500
008 - FIXED-LENGTH DATA ELEMENTS--GENERAL INFORMATION
fixed length control field 161007b xxu||||| |||| 00| 0 eng d
020 ## - INTERNATIONAL STANDARD BOOK NUMBER
International Standard Book Number 9780132128421
020 ## - INTERNATIONAL STANDARD BOOK NUMBER
International Standard Book Number 013212842X
050 ## - LIBRARY OF CONGRESS CALL NUMBER
Classification number HD 2755.5 .D35 2011
100 ## - MAIN ENTRY--PERSONAL NAME
Personal name Daniels, John D.
245 ## - TITLE STATEMENT
Title International Business:
Remainder of title environments and operations/
Statement of responsibility, etc. John D. Daniels, Lee H. Radebaugh and Daniel P. Sullivan
250 ## - EDITION STATEMENT
Edition statement 13th ed.
260 ## - PUBLICATION, DISTRIBUTION, ETC. (IMPRINT)
Place of publication, distribution, etc. Boston:
Name of publisher, distributor, etc. Prentice Hall,
Date of publication, distribution, etc. 2011
300 ## - PHYSICAL DESCRIPTION
Extent xliii, 838p.:
Other physical details ill.;
500 ## - GENERAL NOTE
General note Includes references and index.
650 ## - SUBJECT ADDED ENTRY--TOPICAL TERM
Topical term or geographic name as entry element International business enterprises
650 ## - SUBJECT ADDED ENTRY--TOPICAL TERM
Topical term or geographic name as entry element International economic relations
650 ## - SUBJECT ADDED ENTRY--TOPICAL TERM
Topical term or geographic name as entry element Investments, foreign
700 ## - ADDED ENTRY--PERSONAL NAME
Personal name Radebaugh, Lee H.
700 ## - ADDED ENTRY--PERSONAL NAME
Personal name Sullivan, Daniel P.
942 ## - ADDED ENTRY ELEMENTS (KOHA)
Source of classification or shelving scheme
Koha item type Hard Covered Materials
Classification part HD 2755.5 .D35 2011
Holdings
Withdrawn status Lost status Source of classification or shelving scheme Damaged status Not for loan Home library Current library Shelving location Date acquired Source of acquisition Total Checkouts Full call number Barcode Date last seen Price effective from Koha item type
          MACHAKOS UNIVERSITY LIBRARY MACHAKOS UNIVERSITY LIBRARY Technical section 07/10/2016 Donation (BFA)   HD 2755.5 .D35 2011 21110 23/07/2018 07/10/2016 Hard Covered Materials
© Machakos University Library, Along The Highway, Machakos Wote Rd, Machakos, Kenya P.O. Box 136 - 90100 Machakos - Kenya

Tel: ( +254 ) 723 805829 OR Fax : 044-20353 OR Email: library@mksu.ac.ke